Every Song by Refused - Statistics

General Stats
  • This quiz has been taken 8 times
  • The average score is 29 of 100
Answer Stats
Album Song % Correct
Refused(1992) Re-Fused
83%
The Shape of Punk to Come: A Chimerical Bombination in 12 Bursts(1998) The Shape of Punk to Come
83%
The Shape of Punk to Come: A Chimerical Bombination in 12 Bursts(1998) Liberation Frequency
67%
The Shape of Punk to Come: A Chimerical Bombination in 12 Bursts(1998) New Noise
67%
Rather Be Dead(1996) | Songs to Fan the Flames of Discontent(1996) Rather Be Dead
67%
The Shape of Punk to Come: A Chimerical Bombination in 12 Bursts(1998) Refused Are Fuckin' Dead
67%
The Shape of Punk to Come: A Chimerical Bombination in 12 Bursts(1998) The Deadly Rhythm
67%
The Shape of Punk to Come: A Chimerical Bombination in 12 Bursts(1998) Worms of the Senses/Faculties of the Skull
67%
Refused(1992) Blind
50%
Everlasting(1994) Everlasting
50%
The Shape of Punk to Come: A Chimerical Bombination in 12 Bursts(1998) Protest Song '68
50%
This Just Might Be... the Truth(1994) Pump the Brakes
50%
Freedom(2015) Servants of Death
50%
The Shape of Punk to Come: A Chimerical Bombination in 12 Bursts(1998) Tannhäuser/Derivè
50%
The Shape of Punk to Come: A Chimerical Bombination in 12 Bursts(1998) The Refused Party Program
50%
Freedom(2015) 366
33%
Songs to Fan the Flames of Discontent(1996) Beauty
33%
The New Noise Theology(1998) Blind-Date
33%
War Music(2019) Blood Red
33%
The Shape of Punk to Come: A Chimerical Bombination in 12 Bursts(1998) Bruitist Pome #5
33%
Operation Headfirst(1992) Burn
33%
Everlasting(1994) Burn It
33%
The E.P. Compilation(1997) Cheap
33%
Rather Be Dead(1996) Circle Pit
33%
Songs to Fan the Flames of Discontent(1996) Coup D'Etat
33%
Freedom(2015) Dawkins Christ
33%
War Music(2019) Death in Vännäs
33%
War Music(2019) Economy of Death
33%
Freedom(2015) Elektra
33%
The Malignant Fire(2020) Faceless Corporate Violence
33%
Freedom(2015) Françafrique
33%
The E.P. Compilation(1997) Guilty
33%
This Just Might Be... the Truth(1994) Intro
33%
Songs to Fan the Flames of Discontent(1996) It's Not O.K...
33%
War Music(2019) I Wanna Watch the World Burn
33%
Rather Be Dead(1996) Jag Äter Inte Mina Vänner
33%
Songs to Fan the Flames of Discontent(1996) Last Minute Pointer
33%
Songs to Fan the Flames of Discontent(1996) Life Support Addiction
33%
Freedom(2015) Old Friends / New War
33%
The New Noise Theology(1998) Poetry Written in Gasoline
33%
Everlasting(1994) Pretty Face
33%
Songs to Fan the Flames of Discontent(1996) Return to the Closet
33%
This Is the New Deal(1993) Soft
33%
The Shape of Punk to Come: A Chimerical Bombination in 12 Bursts(1998) Summerholidays vs. Punkroutine
33%
Everlasting(1994) Sunflower Princess
33%
Everlasting(1994) Symbols
33%
The Shape of Punk to Come: A Chimerical Bombination in 12 Bursts(1998) The Apollo Program was a Hoax
33%
Operation Headfirst(1992) | The E.P. Compilation(1997) The New Deal
33%
Songs to Fan the Flames of Discontent(1996) The Slayer
33%
Freedom(2015) Thought Is Blood
33%
War Music(2019) Turn the Cross
33%
Freedom(2015) Useless Europeans
33%
War Music(2019) Violent Reaction
33%
Freedom(2015) War on the Palaces
33%
Songs to Fan the Flames of Discontent(1996) Worthless is the Freedom Bought...
33%
Refused(1992) Another One
17%
The Malignant Fire(2020) Born on the Outs
17%
This Is the New Deal(1993) Break
17%
Songs to Fan the Flames of Discontent(1996) Crusader of Hopelessness
17%
War Music(2019) Damaged III
17%
The Demo Compilation(1997) Defeated
17%
Freedom(2015) Destroy the Man
17%
Refused(1992) Enough Is Enough
17%
Refused(1992) Fudge
17%
Refused(1992) Fusible Front
17%
Operation Headfirst(1992) Hate Breeds Hate
17%
Songs to Fan the Flames of Discontent(1996) Hook, Line and Sinker
17%
Everlasting(1994) I Am Not Me
17%
Operation Headfirst(1992) I Wish
17%
The Malignant Fire(2020) Jackals Can't Be Bothered to Dream
17%
Rather Be Dead(1996) Lick It Clean
17%
The Malignant Fire(2020) | War Music(2019) Malfire
17%
The Malignant Fire(2020) Organic Organic Organic (Go Fuck Yourself)
17%
Pump the Brakes(1994) Perception
17%
Operation Headfirst(1992) Racial Liberation
17%
Refused(1992) Reach Out
17%
War Music(2019) Rev 001
17%
Servants of Death(2016) Stolen Voices
17%
War Music(2019) The Infamous Left
17%
Everlasting(1994) The Real
17%
Songs to Fan the Flames of Discontent(1996) This Trust Will Kill Again
17%
This Just Might Be... the Truth(1994) Untitled
17%
Rather Be Dead(1996) Voodoo People
17%
Operation Headfirst(1992) Where Is Equality?
17%
Operation Headfirst(1992) | Pump the Brakes(1994) Who Died?
17%
This Just Might Be... the Truth(1994) 5th Freedom
0%
This Just Might Be... the Truth(1994) Bottom
0%
This Just Might Be... the Truth(1994) Dust
0%
The Demo Compilation(1997) I'll Choose My Side
0%
This Just Might Be... the Truth(1994) Inclination
0%
This Just Might Be... the Truth(1994) Mark
0%
This Just Might Be... the Truth(1994) Our Silence
0%
This Just Might Be... the Truth(1994) Strength
0%
The Demo Compilation(1997) The Marlboro Man Is Dead
0%
This Just Might Be... the Truth(1994) Tide
0%
This Just Might Be... the Truth(1994) Trickbag
0%
No matching quizzes found
Score Distribution
Percent of People with Each Score
Percentile by Number Answered
Your Score History
You have not taken this quiz